Black Magic with Long Range Precision Rifle: (Record no. 591563)
[ view plain ]
| 000 -LEADER | |
|---|---|
| fixed length control field | 01092nam a22001577a 4500 |
| 003 - CONTROL NUMBER IDENTIFIER | |
| control field | NUST |
| 005 - DATE AND TIME OF LATEST TRANSACTION | |
| control field | 20221007101133.0 |
| 020 ## - INTERNATIONAL STANDARD BOOK NUMBER | |
| International Standard Book Number | 978-969-23497-0-3 |
| 082 ## - DEWEY DECIMAL CLASSIFICATION NUMBER | |
| Classification number | 683.422, MUH |
| 100 ## - MAIN ENTRY--PERSONAL NAME | |
| Personal name | Muhammad Adnan, Lieutenant General Syed |
| 9 (RLIN) | 99443 |
| 245 ## - TITLE STATEMENT | |
| Title | Black Magic with Long Range Precision Rifle: |
| Remainder of title | Science and Art of Cold Bore Accuracy at Unknown Distances/ |
| Statement of responsibility, etc. | Lieutenant General Syed Muhammad Adnan HI (M) |
| Linkage | If you miss a shot, there is got to be a reason |
| 260 ## - PUBLICATION, DISTRIBUTION, ETC. | |
| Place of publication, distribution, etc. | Pakistan |
| Name of publisher, distributor, etc. | Saeed Book Bank Islamabad |
| Date of publication, distribution, etc. | 2021 |
| 300 ## - PHYSICAL DESCRIPTION | |
| Extent | xii, 470: pages |
| 505 ## - FORMATTED CONTENTS NOTE | |
| Formatted contents note | Long Range Precision Rifle Shooting (Page-1), Long range Weapon System (Page-7), Long Range Ammunition (Page-21), Long Range Rifle (Page-61), Long Range Optical Sight (Page-93), Internal Ballistics (Page-141), External Ballistics (Page-173), Calculating Firing Solution (Page-263), Reloading Long Range Rifle Ammunition (Page-331), Long Range Rifle Maintenance Regime (Page-357), Range to the Target (Page-377), Essential Skills for Long Range Precision Rifle Fire (Page-399), Art of Sniping (Page-415). |
| 942 ## - ADDED ENTRY ELEMENTS (KOHA) | |
| Source of classification or shelving scheme | |
| Koha item type | Book |
| Withdrawn status | Lost status | Source of classification or shelving scheme | Damaged status | Not for loan | Permanent Location | Current Location | Shelving location | Date acquired | Full call number | Barcode | Date last seen | Price effective from | Koha item type | Public note |
|---|---|---|---|---|---|---|---|---|---|---|---|---|---|---|
| Military College of Signals (MCS) | Military College of Signals (MCS) | Reference | 10/07/2022 | 683.422,MUH | MCS38587 | 10/07/2022 | 10/07/2022 | Book | Almirah Fresh No.45, Shelf No.5 |
